000 00532nam a2200169Ia 4500
008 090201s9999 xx 000 0 und d
010 _aKPL-52537
040 _bमराठी
041 _aमराठी
082 _a15528
_b52537
100 _aविश्वास पाटील
245 _aचलो दिल्ली
_cविश्वास पाटील
260 _c2004
_bराजहंस प्रकाशन
300 _a126
_bमोठा
600 _aचलो दिल्ली
942 _cBOOK
999 _c215614
_d215614